01328nam a2200325 a 4500001001200000003000800012006001900020007001500039008004100054010001700095020001800112020001500130040002100145035002100166043001200187050002600199082002200225245015700247260005000404300002300454500002200477533015200499610005000651650005900701655002900760700005100789710001700840856012600857999001900983ebr10422681CaPaEBRm u cr cn|||||||||081211s2010 njua s 001 0 eng  z 2008052809 z9789812832832 z9812832831 aCaPaEBRcCaPaEBR a(OCoLC)670429483 an-usc--14aQC787.P3bI516 2010eb04a539.7/307207822200aInnovation was not enoughh[electronic resource] :ba history of the Midwestern Universities Research Association (MURA) /cLawrence Jones ... [et al.]. aHackensack, N.J. :bWorld Scientific,cc2010. axi, 256 p. :bill. aIncludes indexes. aElectronic reproduction.bPalo Alto, Calif. :cebrary,d2013.nAvailable via World Wide Web.nAccess may be limited to ebrary affiliated libraries.20aMidwestern Universities Research Association. 0aParticle acceleratorsxResearchzMiddle WestxHistory. 7aElectronic books.2local1 aJones, Lawrence W.q(Lawrence William),d1925-2 aebrary, Inc.40uhttp://site.ebrary.com/lib/rucke/Doc?id=10422681zAn electronic book accessible through the World Wide Web; click to view c142231d142231